| 000 | 00581nam a2200205 i 4500 | ||
|---|---|---|---|
| 001 | bgj | ||
| 100 | 1 | _aBURKE, Kathy | |
| 245 | 1 | 0 |
_aWavelength : _belementary : coursebook / _cKathy Burke ; Julia Brooks. |
| 260 |
_aHarlow, Essex : _bLongman, _c1999. |
||
| 300 |
_a144 pp. : _bill., photos ; _c29 cm. |
||
| 650 | 9 |
_aEnglish language _xElementary |
|
| 655 | _aTextbooks for foreigners | ||
| 700 | 1 |
_aBROOKS, Julia. _eco-author |
|
| 020 | _a0582305489 | ||
| 040 | _cBPK | ||
| 041 | 0 | _aeng | |
| 920 | _a0-582-30548-9 | ||
| 942 | _cKS | ||
| 008 | s uk f |000 0 eng | ||
| 999 |
_c48447 _d48447 |
||
| 856 |
_uhttp://koha.tu.koszalin.pl/cgi-bin/koha/opac-detail.pl?biblionumber=48447 _yKatalog online BPK |
||